| LDR | | 00000nam k2200205 k 4500 |
| 001 | | 000000174081 |
| 008 | | 100908s2008 ulka 001a kor |
| 007 | | ta |
| 020 | |
▼a 9788996079132
▼g 03300:
▼c \13000 |
| 040 | |
▼a 248032
▼c 248032
▼d 248032 |
| 041 | 1 |
▼a kor
▼h eng |
| 049 | 0 |
▼l EM79478
▼l EM79479
▼c 2
▼l EM79480
▼c 3 |
| 056 | |
▼a 539.92
▼2 4 |
| 090 | |
▼a 539.92
▼b 스894ㄱ |
| 100 | 1 |
▼a 스펜서, 로이 W. |
| 245 | 10 |
▼a 기후커넥션:
▼b 지구온난화에 관한 어느 기후 과학자의 불편한 고백 /
▼d 로이 W. 스펜서 지음;,
▼e 이순희 옮김. |
| 250 | |
▼a 초판. |
| 260 | |
▼a 서울 :
▼b 바이북,
▼c 2008. |
| 300 | |
▼a 275 p.:
▼b 삽화 ;
▼c 22 cm. |
| 504 | |
▼a 색인: p. 274-275 |
| 507 | 10 |
▼t Climate confusion |
| 653 | |
▼a 기후커넥션
▼a 지구온난화
▼a 기후
▼a 기후변화 |
| 700 | 1 |
▼a 이순희 |
| 900 | 11 |
▼a Spencer, Roy W. |
| 950 | 0 |
▼b \13000 |
| 990 | |
▼a 관리자
▼b 관리자2 |
| 005 | | 20130715172826 |